Lectures in analytical mechanics /

Bibliographic Details
Main Author: Gantmakher, F. R. (Feliks Ruvimovich)
Format: Book
Language:English
Russian
Published: Moscow : Mir Publishers, [1970]
Subjects:

MARC

Tag First Indicator Second Indicator Subfields
LEADER 00000cam a2200000 4500
001 in00000665355
005 20151015080259.0
008 710222c19701975rura b 00110 engx
010 |a  72547384  
015 |a USSR*** 
035 |a (OCoLC)00122686 
035 |9 ACX6157AM 
040 |a DLC  |c DLC  |d TXA  |d UtOrBLW 
041 1 |a eng  |a rus 
049 |a TXAM  |c [1406034] 
050 0 0 |a QA807  |b .G3613 
100 1 |a Gantmakher, F. R.  |q (Feliks Ruvimovich) 
240 1 0 |a Lektsii po analiticheskoi mekhanike. English 
245 1 0 |a Lectures in analytical mechanics /  |c [by] F. Gantmacher. Translated from the Russian by George Yankovsky. 
264 1 |a Moscow :  |b Mir Publishers,  |c [1970] 
264 4 |c [©1975] 
300 |a 264 pages :  |b illustrations ;  |c 23 cm. 
336 |a text  |b txt  |2 rdacontent 
337 |a unmediated  |b n  |2 rdamedia 
338 |a volume  |b nc  |2 rdacarrier 
500 |a Translation of Lektsii po analiticheskoi mekhanike (romanized form) 
504 |a Bibliography: page [259]. 
650 0 |a Mechanics, Analytic. 
999 |a MARS 
999 f f |s 060d4598-1073-3018-ab73-5e06fa5d14b9  |i 3b0ce47b-0ab6-30bc-b724-c3778a07d2b4  |t 0 
952 f f |p normal  |a Texas A&M University  |b College Station  |c Sterling C. Evans Library  |d Evans: Library Stacks  |t 0  |e QA807 .G3613  |h Library of Congress classification  |i unmediated -- volume  |m A14804561631 
998 f f |a QA807 .G3613  |t 0  |l Evans: Library Stacks